00553nam a2200193 a 4500001001300000003000900013005001700022008004100039020002300080082001700103100002300120245005700143260005200200300000900252500003500261505002100296650001900317700002300336nice12345678IN_TiNIC20260116013336.0050524s1996 musa grp 000 0 eng  a8186701 c45000a248.246bMAN aMangalwadi, Vishal aMissionary Conspiracyb Letter to a Postmodern Hindu aMussooriebNivedit Good Books Distributerc1996 a488p aincludes index and biblioraphy2 aEnd Noted, Index aMissions-India1 aMangalwadi, Vishal